| 000 | 00617cam a2200229 a 4500 | ||
|---|---|---|---|
| 001 | 3352516 | ||
| 005 | 20180309081749.0 | ||
| 008 | 861120s1987 mnua b 001 0 eng c | ||
| 010 | _a 86028236 | ||
| 020 | _a0314242473 | ||
| 040 |
_aDNLM/DLC _cDLC _dDLC |
||
| 041 | _aeng | ||
| 060 | _aQU 145 W618u | ||
| 080 | _a613.2 WHI | ||
| 082 | 0 | 0 |
_a613.2 WHI _219 |
| 100 | 1 | _a10 | |
| 101 | _aNUT | ||
| 245 | 1 | 0 |
_aUnderstanding nutrition / _cEleanor Noss Whitney, Eva May Nunnelley Hamilton. |
| 504 | _aIncludes bibliographies and index. | ||
| 906 |
_a7 _bcbc _corignew _d1 _eocip _f19 _gy-gencatlg |
||
| 942 |
_2ddc _cBK |
||
| 999 |
_c44613 _d44613 |
||